La garantía de estabilidad de la ecuación económico financiera en el contrato de participación público-privada (Registro nro. 24280)
[ vista simple ]
| 000 -LEADER | |
|---|---|
| fixed length control field | 00390 a2200109 4500 |
| 001 - CONTROL NUMBER | |
| control field | ART_49854 |
| 005 - DATE AND TIME OF LATEST TRANSACTION | |
| control field | 20260410161843.0 |
| 008 - FIXED-LENGTH DATA ELEMENTS--GENERAL INFORMATION | |
| fixed length control field | 260409a |
| 100 1# - MAIN ENTRY--PERSONAL NAME | |
| Personal name | Barra, Rodolfo Carlos |
| 245 10 - TITLE STATEMENT | |
| Title | La garantía de estabilidad de la ecuación económico financiera en el contrato de participación público-privada |
| 773 0# - HOST ITEM ENTRY | |
| Title | RAP |
| Related parts | - Año 41, Nº 483 (dic. 2018) |
| Record control number | REV5941 |
No hay ítems disponibles.